00895nam a22001817a 4500008004100000020002100041020002400062020002700086050001500113100003400128245008700162260003800249300002100287504012800308505021100436650003400647700003200681140106s2002 sp a | |||| 00| 0 spa d aISBN: 8448136594 aISBN 10: 9701047540 aISBN 13: 978970104754514aHM711bL83 aLucas Marín, Antonioeautor1 aSociología de las organizacionesc / Antonio Lucas Marín / Pablo García Ruiz aMéxicob : Mc Graw Hillc, 2002 ax, 440 páginas aContenido (pp.v) Presentación (pp.ix) Bibliografía (pp.427) Índice analítico (pp.437) Índice onmástico (pp.441) aParte I. Historia social de las organizaciones Parte II. Teorías de la organización Parte III. Aspectos centrales de la organización Parte IV. Problemas básicos en sociología de las organizaciones a1.SOCIOLOGÍA ORGANIZACIONAL aGarcía Ruiz, Pabloeautor